000 00484nam a2200133 a 4500
008 120416s1980 ||||||||||||||||| || u
050 _aT 58.6 Cro
100 _aCrowe, T
245 1 0 _aManagement information from data bases
260 _aBasingstoke, Hants
_bMacmillan
_c1980
300 _aviii, 200p. : ill.
350 _a0.00
995 _D0.00
_FCBU-MAIN LIBRARY (Kitwe)
_H1
_I4.50
_M1
_UAVAILABLE
_ZMain Library Open Access Collection
999 _c49936
_d49936